La psicología de la transferencia (Record no. 16359)

MARC details
000 -LEADER
campo de control de longitud fija 00994nam a2200277 i 4500
001 - NÚMERO DE CONTROL
campo de control 16359
003 - IDENTIFICADOR DE NÚMERO DE CONTROL
campo de control ES-MaACL
005 - FECHA Y HORA DE LA ÚLTIMA TRANSACCIÓN
campo de control 20250926063044.0
007 - CAMPO FIJO DE DESCRIPCIÓN FÍSICA--INFORMACIÓN GENERAL
campo de control de longitud fija t|
008 - DATOS DE LONGITUD FIJA--INFORMACIÓN GENERAL
campo de control de longitud fija 000901s1993 sp ||||1| spa d
020 ## - NÚMERO INTERNACIONAL ESTÁNDAR DEL LIBRO
Número Internacional Estándar del Libro 84-7509-240-3
080 ## - NÚMERO DE LA CLASIFICACIÓN DECIMAL UNIVERSAL
Número de la Clasificación Decimal Universal 615.851.133.3
080 ## - NÚMERO DE LA CLASIFICACIÓN DECIMAL UNIVERSAL
Número de la Clasificación Decimal Universal 133.5:54
100 1# - ENTRADA PRINCIPAL--NOMBRE DE PERSONA
Nombre de persona Jung, Carl G.,
Fechas asociadas al nombre 1875-1961
9 (RLIN) 67282
245 13 - MENCIÓN DEL TÍTULO
Título La psicología de la transferencia
Resto del título : esclarecida por medio de una serie de imágenes de la alquimia : para médicos y psicólogos prácticos /
Mención de responsabilidad, etc. C. G. Jung ; prólogo y notas de Enrique Butelman.
250 ## - MENCION DE EDICION
Mención de edición 3ª reimp.
260 ## - PUBLICACIÓN, DISTRIBUCIÓN, ETC.
Lugar de publicación, distribución, etc. Barcelona :
Nombre del editor, distribuidor, etc. Paidós Ibérica,
Fecha de publicación, distribución, etc. 1993.
300 ## - DESCRIPCIÓN FÍSICA
Extensión 198 p. ;
Dimensiones 22 cm.
490 1# - MENCIÓN DE SERIE
Mención de serie Biblioteca de psicología profunda ;
Designación de volumen o secuencia 6
650 17 - PUNTO DE ACCESO ADICIONAL DE MATERIA--TÉRMINO DE MATERIA
Término de materia o nombre geográfico como elemento de entrada Transferencia (Psicología)
Fuente del encabezamiento o término embne
9 (RLIN) 17624
650 #4 - PUNTO DE ACCESO ADICIONAL DE MATERIA--TÉRMINO DE MATERIA
Término de materia o nombre geográfico como elemento de entrada Alquimia.
9 (RLIN) 9742
700 1# - ENTRADA AGREGADA--NOMBRE PERSONAL
Nombre de persona Butelman, Enrique.
9 (RLIN) 32935
830 0# - PUNTO DE ACCESO ADICIONAL DE SERIE-TÍTULO UNIFORME
Título uniforme Biblioteca de psicología profunda ;
Designación de volumen o secuencia 6
9 (RLIN) 179952
852 ## - LOCALIZACIÓN
Ubicación ES-MaACL
Número de control de estantería L-23599
Sublocalización o colección R.128782
Holdings
Estatus retirado Estado de pérdida Estado de daño No para préstamo Biblioteca de origen Biblioteca actual Ubicación en estantería Fecha de adquisición Fuente de adquisición Total de préstamos Signatura topográfica completa Código de barras Visto por última vez Precio de reemplazo Tipo de ítem Koha
        Biblioteca del Ateneo de Madrid Biblioteca del Ateneo de Madrid Depósito 2 17/01/2008     L-23599 1016621 23/02/2023 23/02/2023 Libro impreso